Majster sa na víťazstvo natrápil WHIL - 8. kolo: Slavia vyhrala aj v Bánovciach

Bibliographic Details
Format: Article
Language:Slovak
PhysicalDescription:Fotogr., tab.
ISSN:0139-7001
Subjects:
Online Access:http://denniksport.sk/article/152085/majster-sa-na-vitazstvo-natrapil

MARC

LEADER 00000nab a2200000 ar4500
001 vtls010186774
003 SK-MaSNL
005 20260303091534.0
008 101108c20101028xo |||||||||||000 b|slo
015 |a SNBRB2010/11  |2 snkbucl 
038 |a SNKBUCL 
040 |a SNKBUCL  |b slo  |c SNKBUCL  |e AACR2 
041 0 |a slo 
044 |a xo  |c SK 
080 |a 796.322.093.1  |2 2001 
245 0 0 |a Majster sa na víťazstvo natrápil  |b WHIL - 8. kolo: Slavia vyhrala aj v Bánovciach 
300 |b Fotogr., tab. 
648 7 |a sezóna 2010/2011  |2 snkbucl  |9 1038786 
650 0 7 |a hádzaná  |2 snkbucl  |9 3292 
650 0 7 |a 8. kolo  |2 snkbucl  |9 872972 
650 0 7 |a ženy  |2 snkbucl  |9 4865 
650 0 7 |a WHIL  |2 snkbucl  |9 872589 
773 0 |t Šport  |g Roč. 64, č. 249 (28.10.2010), s. 32  |x 0139-7001 
852 |a SNK  |b KIS3GCP 
856 4 1 |u http://denniksport.sk/article/152085/majster-sa-na-vitazstvo-natrapil 
999 |c 1808128  |d 1810058